00000000nam##2200000za#4500
0019.604227
003CaOODSP
00520210624211451
007cr |||||||||||
008150406|2005||||xxc|||||o    f|0| 0 fre|d
040 |aCaOODSP|bfre
043 |an-cn---
0861 |aTU3-5/05-43F-PDF
1102 |aBureau de la sécurité des transports du Canada.
24510|aChavirement au décollage du Cessna 185 sur flotteurs C-FYZC, exploité par Aviation Wheelair au lac Ouimet (Québec), le 29 septembre 2005 |h[ressource électronique]
260 |aGatineau - Québec : |bBureau de la sécurité des transports du Canada |c2006.
300 |a9p.|bcarte en couleur
4901 |aRapport d'enquête aéronautique |vA05Q0178
500 |a« Le Bureau a autorisé la publication du rapport le 10 octobre 2006 » --p.9.
590 |a12-33-Supp|b2012-07-18
77508|tCapsizing at take-off - Aviation Wheelair Cessna 185 seaplane C-FYZC, Lac Ouimet, Quebec, 29 September 2005 |w(CaOODSP)9.574483
830#0|aRapport d'enquête aéronautique ;|vA05Q0178|w(CaOODSP)9.501229
85640|ahttp://publications.gc.ca|qPDF|s191 Ko|uhttps://publications.gc.ca/collections/collection_2012/bst-tsb/TU3-5-05-43-fra.pdf|yA05Q0178